| 000 | 00678nam a22002057a 4500 | ||
|---|---|---|---|
| 005 | 20151127111932.0 | ||
| 010 | _aENG-114154 | ||
| 020 |
_c595.00 _a9789350353257 |
||
| 035 | _aEN-97686 | ||
| 037 | _bDBAD/PUB | ||
| 082 | _a346.54017 | ||
| 100 | _aMalhotra, Anil | ||
| 245 |
_aSurrogacy in India : _cby Anil Malhotra [and] Ranjit Malhotra _ba law in the making / |
||
| 260 |
_aNew Delhi _bUniversal Law Publishing _c2013 |
||
| 270 |
_aC-FF-1A, Dilkhush Industrial Estate, G.T. Karnal Road, _bNew Delhi _e110033 |
||
| 300 |
_axxiii,183p.: _c25cm(Hb) _bill. |
||
| 500 | _aIncludes index | ||
| 700 | _aMalhotra, Ranjit | ||
| 942 |
_2ddc _cEN _mMAL _h346.54017 |
||
| 999 |
_c97440 _d97440 |
||